5 pays les plus froids par continent - Statistiques

Statistiques générales
  • Ce quiz a été pris 44 175 fois
    18 074 depuis la dernière actualisation
  • Le résultat moyen est 20 sur 30
Statistiques - réponses
°C % Correct
Amérique du Nord -4,5 Canada
96%
Europe -3,8 Russie
96%
Asie -3,8 Russie
96%
Amérique du Nord 9,3 États-Unis
93%
Europe 2,7 Norvège
93%
Europe 3,4 Suède
93%
Europe 2,6 Finlande
91%
Amérique du Sud 9,2 Chili
86%
Europe 2,3 Islande
85%
Amérique du Sud 15,4 Argentine
84%
Océanie 22,1 Australie
84%
Amérique du Nord 21,8 Mexique
84%
Océanie 11,0 Nouvelle-Zélande
80%
Asie 0,7 Mongolie
78%
Amérique du Sud 19,8 Pérou
75%
Afrique 18,5 Afrique du Sud
74%
Amérique du Sud 18,0 Uruguay
72%
Amérique du Sud 21,4 Bolivie
68%
Afrique 20,1 Maroc
54%
Afrique 12,3 Lesotho
50%
Océanie 25,1 Fidji
49%
Amérique du Nord 24,1 Guatemala
45%
Amérique du Nord 24,8 Honduras
42%
Asie 2,8 Kirghizistan
40%
Asie 2,8 Tadjikistan
40%
Asie 5,6 Bhoutan
37%
Océanie 24,8 Vanuatu
37%
Océanie 25,2 Papouasie-Nouvelle-Guinée
34%
Afrique 18,4 Rwanda
23%
Afrique 20,1 Burundi
19%
Aucun quiz correspondant
Distribution des résultats
% des personnes avec chaque résultat
Percentile par nombre de réponses
Votre historique - résultats
Vous n’avez pas pris ce quiz depuis la dernière actualisation